[Event "Natal CBX zt"]
[Site "Natal"]
[Date "2014.02.22"]
[Round "4"]
[White "Mendes, Kerolayne Iorrara A"]
[Black "Macedo, Alexandre Soares"]
[Result "0-1"]
[WhiteElo "1659"]
[BlackElo "1851"]
[PlyCount "58"]
[EventDate "2014.02.21"]
[EventType "swiss"]
[EventRounds "5"]
[EventCountry "BRA"]
[SourceTitle "CBM 159 Extra"]
[Source "ChessBase"]
[SourceDate "2014.04.24"]
[SourceVersion "1"]
[SourceVersionDate "2014.04.24"]
[SourceQuality "1"]

1. e4 c5 2. c4 g6 3. Nc3 Bg7 4. Nge2 Nc6 5. d3 e6 6. g3 Nge7 7. Bg2 0-0 8. 0-0 a6 9. Be3 Nd4 10. Qc1 Re8 11. Bxd4 cxd4 12. Na4 b5 13. cxb5 axb5 14. Nc5 Rb8 15. a4 d6 16. Nb3 bxa4 17. Nbxd4 Bd7 18. Qc2 Qb6 19. Qc4 Rec8 20. Qa2 Bxd4 21. Nxd4 Qxd4 22. Rab1 Rc2 23. Qa3 Rb3 24. Qa1 Nc6 25. Bf3 Rbxb2 26. Bd1 Rd2 27. Bxa4 Qxd3 28. Rfc1 Nd4 29. Re1 Nf3+ 0-1